| 000 | 00427nam a22001337a 4500 | ||
|---|---|---|---|
| 082 |
_a005.262 _bMIC _cMCE L-10,P-101 |
||
| 110 |
_aMicrosoft _936800 |
||
| 245 |
_aMicrosoft Fortran Optimizing Compiler for the Ms-Dos Operating System Language _cMicrosoft |
||
| 260 |
_aCanada. _bMicrosoft _c987 |
||
| 300 |
_avii, 374 +140 p. _b: ill. _c28. |
||
| 526 |
_a0 _b0 _c0 _d005_262000000000000_MIC |
||
| 650 |
_aNUST _96342 |
||
| 942 |
_2ddc _cBK |
||
| 999 |
_c541765 _d541765 |
||